000 00400nam a2200145Ia 4500
008 100122s9999 xx 000 0 und d
082 _b37228
_a228
100 _aमराठे प्रभाकर
245 _aकोसेरा
260 _bनीहारा प्रकाशन
_c1905
300 _a179
630 _aकोसेरा
730 _aकोसेरा
942 _cBOOK
999 _c419693
_d419690